| 000 | 005920000a22001810004500 | ||
|---|---|---|---|
| 003 | MACL | ||
| 005 | 20160406153218.0 | ||
| 008 | 160406b xxu||||| |||| 00| 0 eng d | ||
| 040 |
_aMACL _cMACL |
||
| 041 | _aHindi | ||
| 082 | _a500 | ||
| 100 |
_aभाटिया सुर्दशन _950803 |
||
| 245 | _aअंतरिक्ष विज्ञान प्रश्नोत्तरी | ||
| 260 |
_bदिल्ली बुक ब्यूरो _c2009 _aहरियाणा |
||
| 350 | _a495 | ||
| 650 |
_aविज्ञान _950804 |
||
| 942 |
_cHIN _k500/ _2ddc |
||
| 999 |
_c45948 _d45948 |
||